[Event "SRB-chT 2nd League"]
[Site "Novi Sad"]
[Date "2023.11.07"]
[Round "8.2"]
[White "Varga, Zoltan"]
[Black "Jakovljev, Zoran"]
[Result "1-0"]
[WhiteElo "2371"]
[BlackElo "2194"]
[PlyCount "85"]
[EventDate "2023.11.02"]
[EventType "team-tourn"]
[EventRounds "11"]
[EventCountry "SRB"]
[SourceTitle "CB46_2023"]
[SourceDate "2023.11.15"]
[SourceVersion "1"]
[SourceVersionDate "2023.11.15"]
[SourceQuality "1"]
[WhiteTeam "Krajisnik Krajina"]
[BlackTeam "Zlatica"]
[WhiteTeamCountry "SRB"]
[BlackTeamCountry "SRB"]

1. c4 g6 2. d4 Bg7 3. e4 d6 4. Nc3 Nd7 5. Bg5 f6 6. Be3 e5 7. h4 Nh6 8. f3 c6 9. Nge2 0-0 10. Qd2 Nf7 11. g4 Re8 12. 0-0-0 Qe7 13. Kb1 Nf8 14. h5 g5 15. Ng3 a6 16. a3 h6 17. Be2 Qc7 18. Qc2 exd4 19. Bxd4 Ne6 20. Be3 Ne5 21. Nf5 Bf8 22. Rc1 Nf7 23. Na4 Nc5 24. Nxd6 Bxd6 25. Nxc5 b6 26. Na4 c5 27. Rcd1 Be5 28. Rd3 Nd8 29. Rb3 Rb8 30. Nc3 Ne6 31. Nd5 Qc6 32. Rd3 b5 33. cxb5 axb5 34. Rc1 c4 35. Nb4 Qc7 36. Rd5 Bb7 37. Rxb5 Bxe4 38. Qxe4 Rxb5 39. Bxc4 Rxb4 40. Bxe6+ Kh8 41. axb4 Qe7 42. Rc6 Qd8 43. Qg6 1-0

[Event "SRB-chT 2nd League"]
[Site "Novi Sad"]
[Date "2023.11.04"]
[Round "3.2"]
[White "Jakovljev, Zoran"]
[Black "Levitan, Caleb Levi"]
[Result "0-1"]
[WhiteElo "2194"]
[BlackElo "2334"]
[PlyCount "76"]
[EventDate "2023.11.02"]
[EventType "team-tourn"]
[EventRounds "11"]
[EventCountry "SRB"]
[SourceTitle "CB46_2023"]
[SourceDate "2023.11.15"]
[SourceVersion "1"]
[SourceVersionDate "2023.11.15"]
[SourceQuality "1"]
[WhiteTeam "Zlatica"]
[BlackTeam "Car Uros Jazak"]
[WhiteTeamCountry "SRB"]
[BlackTeamCountry "SRB"]

1. e4 c5 2. Nf3 e6 3. d3 Nc6 4. g3 g6 5. Bg2 Bg7 6. 0-0 Nge7 7. Re1 d6 8. c3 e5 9. a3 0-0 10. b4 a6 11. Bb2 f5 12. Nbd2 f4 13. Qb3+ Kh8 14. Ng5 Qe8 15. Ne6 Bxe6 16. Qxe6 Rf6 17. Qb3 g5 18. g4 h5 19. f3 Ng6 20. h3 Nh4 21. Kf2 Qd7 22. Nc4 b5 23. Nd2 Rb8 24. Kf1 Rh6 25. Rad1 Bf8 26. Re2 Qh7 27. Rf2 Be7 28. Ke2 Bd8 29. Bf1 Bb6 30. Rh2 hxg4 31. hxg4 Nxf3 32. Rg2 Nxd2 33. Kxd2 c4 34. dxc4 f3 35. Rg3 Qxe4 36. c5 dxc5 37. bxc5 Bxc5 38. Bd3 Qf4+ 0-1

[Event "Milanowek-ch"]
[Site "Milanowek"]
[Date "2014.06.25"]
[Round "7"]
[White "Jakovljev, Zoran"]
[Black "Lasota, Adam"]
[Result "1/2-1/2"]
[WhiteElo "2284"]
[BlackElo "1951"]
[PlyCount "78"]
[EventDate "2014.06.21"]
[EventType "swiss"]
[EventRounds "9"]
[EventCountry "POL"]
[SourceTitle "CBM 161 Extra"]
[Source "ChessBase"]
[SourceDate "2014.08.29"]
[SourceVersion "1"]
[SourceVersionDate "2014.08.29"]
[SourceQuality "1"]

1. e4 c5 2. Nf3 e6 3. Nc3 a6 4. d4 cxd4 5. Nxd4 Qc7 6. Bd3 Nc6 7. Nxc6 bxc6 8. 0-0 Nf6 9. Kh1 d5 10. f4 Be7 11. Bd2 a5 12. Qe2 0-0 13. e5 Nd7 14. Qh5 f5 15. exf6 Nxf6 16. Qe2 Bd7 17. Rae1 Bd6 18. Qf2 Rab8 19. b3 Rbe8 20. Qh4 Be7 21. Re5 Ne4 22. Qh3 Qxe5 23. Nxe4 Qf5 24. g4 Qg6 25. Nc5 Bxc5 26. Bxg6 hxg6 27. Bxa5 Bd6 28. Bd2 c5 29. c4 Bc6 30. Kg1 d4 31. Qd3 Rf6 32. a3 e5 33. fxe5 Bxe5 34. Rxf6 Bxf6 35. g5 Be4 36. Qh3 Bf5 37. Qf3 Be4 38. Qf4 Be5 39. Qg4 Bf5 1/2-1/2

[Event "Milanowek-ch"]
[Site "Milanowek"]
[Date "2014.06.23"]
[Round "5"]
[White "Jakovljev, Zoran"]
[Black "Jarmula, Lukasz"]
[Result "1-0"]
[WhiteElo "2284"]
[BlackElo "2256"]
[PlyCount "59"]
[EventDate "2014.06.21"]
[EventType "swiss"]
[EventRounds "9"]
[EventCountry "POL"]
[SourceTitle "CBM 161 Extra"]
[Source "ChessBase"]
[SourceDate "2014.08.29"]
[SourceVersion "1"]
[SourceVersionDate "2014.08.29"]
[SourceQuality "1"]

1. e4 c5 2. Nf3 e6 3. d3 Nc6 4. g3 d5 5. Nbd2 Bd6 6. Bg2 Nge7 7. 0-0 0-0 8. Re1 b6 9. c3 Ba6 10. Nf1 Qc7 11. Ne3 d4 12. Nc4 Bxc4 13. dxc4 dxc3 14. bxc3 Rad8 15. Qc2 Ng6 16. Nd2 Na5 17. Bf1 f5 18. exf5 exf5 19. Bg2 Kh8 20. Bd5 Ne5 21. f4 Ng4 22. Nf3 Nf6 23. Ng5 Nxd5 24. cxd5 c4 25. Ne6 Bc5+ 26. Be3 Qd6 27. Bxc5 bxc5 28. Nxd8 Qxd8 29. Re5 g6 30. Rae1 1-0

[Event "Milanowek-ch"]
[Site "Milanowek"]
[Date "2014.06.22"]
[Round "3"]
[White "Jakovljev, Zoran"]
[Black "Wyszomirski, Krzysztof"]
[Result "1-0"]
[WhiteElo "2284"]
[BlackElo "1810"]
[PlyCount "97"]
[EventDate "2014.06.21"]
[EventType "swiss"]
[EventRounds "9"]
[EventCountry "POL"]
[SourceTitle "CBM 161 Extra"]
[Source "ChessBase"]
[SourceDate "2014.08.29"]
[SourceVersion "1"]
[SourceVersionDate "2014.08.29"]
[SourceQuality "1"]

1. e4 c5 2. Nf3 Nc6 3. Bb5 e6 4. 0-0 Nge7 5. Nc3 a6 6. Bxc6 Nxc6 7. d4 cxd4 8. Nxd4 Qc7 9. Re1 Be7 10. Nxc6 bxc6 11. Qg4 Bf6 12. e5 Bxe5 13. Rxe5 Qxe5 14. Bf4 Qf6 15. Ne4 Qg6 16. Nd6+ Kf8 17. Qd1 Kg8 18. Nxc8 Rxc8 19. Qxd7 Ra8 20. Qxc6 Rd8 21. Bc7 Rf8 22. Bd6 Rd8 23. Bc7 Rf8 24. Bd6 Rd8 25. Qb6 Rc8 26. c4 h5 27. Qxa6 Kh7 28. c5 Ra8 29. Qf1 Qe4 30. a3 f5 31. Re1 Qd4 32. Qe2 Rhe8 33. Qxh5+ Kg8 34. Qe2 e5 35. Rd1 Qa4 36. Qd3 Rac8 37. Qd5+ Kh7 38. Rd3 Qf4 39. Rh3+ Kg6 40. Qd1 Red8 41. Rf3 Qe4 42. Rg3+ Kf6 43. b4 g5 44. h3 f4 45. Rd3 g4 46. hxg4 Rg8 47. f3 Qc4 48. Bxe5+ Kxe5 49. Qe2+ 1-0

[Event "Vojvodina-chT"]
[Site "Sombor"]
[Date "2008.10.05"]
[Round "7"]
[White "Jakovljev, Zoran"]
[Black "Bogic, Stevan"]
[Result "1-0"]
[WhiteElo "2233"]
[BlackElo "2259"]
[PlyCount "57"]
[EventDate "2008.10.01"]
[EventType "team-tourn"]
[EventRounds "11"]
[EventCountry "YUG"]
[SourceTitle "EXT 2010"]
[Source "ChessBase"]
[SourceDate "2010.11.25"]
[SourceVersion "1"]
[SourceVersionDate "2010.11.25"]
[SourceQuality "1"]

1. e4 c5 2. Nf3 d6 3. Bb5+ Bd7 4. Bxd7+ Qxd7 5. 0-0 Nc6 6. c3 Nf6 7. d4 Nxe4 8. d5 Nd8 9. Re1 Nf6 10. Bg5 e6 11. Bxf6 gxf6 12. Qd3 Be7 13. Nbd2 0-0 14. Rad1 b5 15. b4 c4 16. Qe3 Kh8 17. Ne4 e5 18. Qh6 Qg4 19. Ng3 Qg6 20. Qh3 f5 21. Nxf5 Re8 22. Re4 Rg8 23. Rde1 Bf8 24. Rh4 f6 25. Ree4 Nf7 26. Reg4 Ng5 27. Nxg5 fxg5 28. Rxg5 Qf7 29. Rxh7+ 1-0

[Event "Vojvodina-chT"]
[Site "Sombor"]
[Date "2008.10.02"]
[Round "3"]
[White "Jakovljev, Zoran"]
[Black "Strangar, Zlatko"]
[Result "0-1"]
[WhiteElo "2233"]
[BlackElo "2174"]
[PlyCount "84"]
[EventDate "2008.10.01"]
[EventType "team-tourn"]
[EventRounds "11"]
[EventCountry "YUG"]
[SourceTitle "EXT 2010"]
[Source "ChessBase"]
[SourceDate "2010.11.25"]
[SourceVersion "1"]
[SourceVersionDate "2010.11.25"]
[SourceQuality "1"]

1. e4 e6 2. Qe2 d5 3. d3 Nf6 4. g3 Be7 5. Bg2 c5 6. Nf3 Nc6 7. 0-0 0-0 8. e5 Nd7 9. c4 Nb6 10. b3 f5 11. h4 h6 12. Nc3 d4 13. Nb5 a6 14. Nd6 Bxd6 15. exd6 Qxd6 16. Bf4 Qe7 17. h5 Bd7 18. Bc7 Nc8 19. Nh4 Be8 20. Bf4 e5 21. Bxc6 bxc6 22. Bxe5 Qg5 23. Ng6 Bxg6 24. hxg6 Qxg6 25. Rae1 Ra7 26. Qd2 Re7 27. Bf4 Rfe8 28. Rxe7 Rxe7 29. Qa5 Qf6 30. Qxa6 Qe6 31. Qa5 g5 32. Bd2 Qd6 33. b4 Ra7 34. bxc5 Qd7 35. Qb4 f4 36. Qb8 f3 37. Kh2 Rxa2 38. Be1 Qg4 39. Rh1 Re2 40. Qb4 Ne7 41. Kg1 Nf5 42. Kf1 Qxg3 0-1

[Event "Vojvodina-chT"]
[Site "Pancevo"]
[Date "2007.09.27"]
[Round "5"]
[White "Kostic, Branimir"]
[Black "Jakovljev, Zoran"]
[Result "1/2-1/2"]
[WhiteElo "2298"]
[BlackElo "2229"]
[PlyCount "30"]
[EventDate "2007.09.24"]
[EventType "team-tourn"]
[EventRounds "9"]
[EventCountry "SRB"]
[SourceTitle "EXT 2023"]
[Source "ChessBase"]
[SourceDate "2022.10.05"]
[SourceVersion "1"]
[SourceVersionDate "2022.10.05"]
[SourceQuality "1"]

1. d4 g6 2. c4 Bg7 3. Nc3 d6 4. e4 Nd7 5. Be3 e5 6. d5 Nh6 7. f3 f5 8. Qd2 Nf7 9. 0-0-0 0-0 10. Bd3 Nf6 11. Nge2 a6 12. Kb1 Bd7 13. Qc2 fxe4 14. Nxe4 Nxe4 15. fxe4 Bh6 1/2-1/2

[Event "SCG-chT"]
[Site "Petrovac"]
[Date "2004.05.22"]
[Round "7.2"]
[White "Jakovljev, Zoran"]
[Black "Knezevic, Bojan"]
[Result "0-1"]
[WhiteElo "2223"]
[BlackElo "2399"]
[PlyCount "70"]
[EventDate "2004.05.16"]
[EventType "team"]
[EventRounds "7"]
[EventCountry "YUG"]
[SourceTitle "CBM 100 Extra"]
[Source "ChessBase"]
[SourceDate "2004.07.06"]
[SourceVersion "2"]
[SourceVersionDate "2004.07.06"]
[SourceQuality "1"]
[WhiteTeam "18"]
[BlackTeam "10"]
[WhiteTeamCountry "YUG"]
[BlackTeamCountry "YUG"]

1. e4 c5 2. Nf3 e6 3. d3 Nc6 4. g3 Nge7 5. Bg2 g6 6. 0-0 Bg7 7. Re1 d6 8. c3 e5 9. a3 0-0 10. b4 h6 11. b5 Na5 12. Nbd2 f5 13. Bb2 f4 14. d4 g5 15. dxe5 dxe5 16. h3 Be6 17. Qe2 Ng6 18. Rad1 Qe7 19. c4 b6 20. Bc3 Nb7 21. Nh2 Rad8 22. Qh5 Kh7 23. Qe2 Nd6 24. Bb2 Bf6 25. Ng4 Kg7 26. Bf3 h5 27. Nxf6 Qxf6 28. Bxh5 Nxc4 29. Nxc4 fxg3 30. f4 Bxc4 31. Qxc4 Nxf4 32. Rf1 g2 33. Rxf4 Rxd1+ 34. Bxd1 Qxf4 35. Qe2 Qf1+ 0-1

[Event "SCG-chT"]
[Site "Petrovac"]
[Date "2004.05.21"]
[Round "6.2"]
[White "Kojovic, Dragan"]
[Black "Jakovljev, Zoran"]
[Result "1-0"]
[WhiteElo "2318"]
[BlackElo "2223"]
[PlyCount "107"]
[EventDate "2004.05.16"]
[EventType "team"]
[EventRounds "7"]
[EventCountry "YUG"]
[SourceTitle "CBM 100 Extra"]
[Source "ChessBase"]
[SourceDate "2004.07.06"]
[SourceVersion "2"]
[SourceVersionDate "2004.07.06"]
[SourceQuality "1"]
[WhiteTeam "17"]
[BlackTeam "18"]
[WhiteTeamCountry "YUG"]
[BlackTeamCountry "YUG"]

1. e4 Nc6 2. Nc3 Nf6 3. d4 d6 4. f4 g6 5. d5 Nb8 6. Nf3 Bg7 7. Be3 0-0 8. Qd2 c6 9. Be2 cxd5 10. exd5 Nbd7 11. 0-0 Nb6 12. a4 a5 13. h3 Bf5 14. Nd4 Ne4 15. Nxe4 Bxe4 16. c4 Nd7 17. Bf3 Nc5 18. Bxe4 Nxe4 19. Qc2 Nf6 20. Rae1 Rc8 21. Qd3 Nd7 22. b3 Nc5 23. Qb1 f5 24. Bf2 Bxd4 25. Bxd4 Rf7 26. Re3 h6 27. Qe1 Kh7 28. Kh2 b6 29. g4 fxg4 30. hxg4 Nd7 31. Qh4 e5 32. g5 Qf8 33. Bc3 exf4 34. Ref3 Ne5 35. Rxf4 Rxf4 36. Rxf4 Qg7 37. Bxe5 dxe5 38. Rf6 h5 39. Qe4 Rf8 40. Qxe5 Rxf6 41. gxf6 Qh6 42. Kh3 Qc1 43. Qe7+ Kh6 44. Kg2 Qc2+ 45. Kf3 h4 46. d6 g5 47. Ke3 Qc3+ 48. Ke4 Qe1+ 49. Kf5 Qf1+ 50. Ke6 Qh3+ 51. Kf7 Qxb3 52. Qe4 Kh5 53. d7 Qd1 54. Ke7 1-0

[Event "SCG-chT"]
[Site "Petrovac"]
[Date "2004.05.17"]
[Round "2.2"]
[White "Jakovljev, Zoran"]
[Black "Dujkovic, Sinisa"]
[Result "0-1"]
[WhiteElo "2223"]
[BlackElo "2386"]
[PlyCount "58"]
[EventDate "2004.05.16"]
[EventType "team"]
[EventRounds "7"]
[EventCountry "YUG"]
[SourceTitle "CBM 100 Extra"]
[Source "ChessBase"]
[SourceDate "2004.07.06"]
[SourceVersion "2"]
[SourceVersionDate "2004.07.06"]
[SourceQuality "1"]
[WhiteTeam "18"]
[BlackTeam "12"]
[WhiteTeamCountry "YUG"]
[BlackTeamCountry "YUG"]

1. e4 c5 2. Nf3 Nc6 3. Bb5 Nd4 4. Nxd4 cxd4 5. 0-0 e6 6. c3 a6 7. Ba4 b5 8. Bb3 Bb7 9. d3 Bc5 10. cxd4 Bxd4 11. Na3 Ne7 12. Nc2 Bb6 13. Be3 0-0 14. Kh1 f5 15. Bxb6 Qxb6 16. Qe2 Rac8 17. Rac1 a5 18. a3 b4 19. axb4 fxe4 20. b5 exd3 21. Qxd3 Rxf2 22. Rxf2 Qxf2 23. Rg1 a4 24. Bxa4 Nd5 25. Qe4 Ba8 26. Qe1 Qf6 27. Qa1 Nf4 28. Qf1 Nxg2 29. Qxf6 Nf4+ 0-1

[Event "Kishinev op"]
[Site "Kishinev"]
[Date "1993.??.??"]
[Round "?"]
[White "Itkis, Boris"]
[Black "Jakovljev, Zoran"]
[Result "1-0"]
[WhiteElo "2435"]
[BlackElo "2225"]
[PlyCount "50"]
[EventDate "1993.??.??"]
[EventType "swiss"]
[EventRounds "9"]
[EventCountry "MDA"]
[SourceTitle "EXT 1997"]
[Source "ChessBase"]
[SourceDate "1996.11.15"]
[SourceVersion "1"]
[SourceVersionDate "1996.11.15"]
[SourceQuality "1"]

1. d4 Nf6 2. Nf3 g6 3. c4 Bg7 4. Nc3 0-0 5. Bf4 d6 6. h3 c6 7. e3 Nbd7 8. Be2 a6 9. a4 a5 10. 0-0 Re8 11. Bh2 Nf8 12. Qb3 h6 13. Rfd1 Ne6 14. c5 dxc5 15. d5 c4 16. Bxc4 Nc5 17. Qa2 Qb6 18. dxc6 Be6 19. Bxe6 fxe6 20. cxb7 Qxb7 21. Ne5 Ra6 22. Nb5 Rf8 23. Rac1 Nce4 24. Rc7 Qa8 25. Rxe7 Qd8 1-0

[Event "Kishinev op"]
[Site "Kishinev"]
[Date "1993.??.??"]
[Round "?"]
[White "Jakovljev, Zoran"]
[Black "Sanduleac, Vasile"]
[Result "1/2-1/2"]
[WhiteElo "2225"]
[BlackElo "2285"]
[PlyCount "47"]
[EventDate "1993.??.??"]
[EventType "swiss"]
[EventRounds "9"]
[EventCountry "MDA"]
[SourceTitle "EXT 1997"]
[Source "ChessBase"]
[SourceDate "1996.11.15"]
[SourceVersion "1"]
[SourceVersionDate "1996.11.15"]
[SourceQuality "1"]

1. e4 d6 2. d4 g6 3. Bd3 Bg7 4. c3 c6 5. Nf3 e5 6. h3 Nd7 7. 0-0 Ngf6 8. Nbd2 0-0 9. a4 Qc7 10. Re1 Re8 11. b3 Nf8 12. Ba3 Ne6 13. g3 exd4 14. cxd4 c5 15. Rc1 Nd7 16. e5 dxe5 17. d5 Nef8 18. Ne4 b6 19. b4 a6 20. bxc5 bxc5 21. Nxc5 Nxc5 22. Bxc5 Qd7 23. Bf1 Bb7 24. d6 1/2-1/2